Погибшие знаменитости - Армагеддон - Statistics

General Stats
  • This quiz has been taken 27 times
  • The average score is 3 of 15
Answers on the Grid
Answers color-coded by a green-red scale on the quiz's grid according to % correct below.
Лех Качиньский
Крис Корнелл
Райан Данн
Джек Лондон
Брюс Ли
Диана Уэльская
Эрнест Хемингуэй
Сергей Бодров
Генрик Сенкевич
Рой Орбисон
Вик Морроу
Пол Уокер
Тур Хейердал
Марлон Брандо
Стив Ирвин
Джими Хендрикс
Уолт Дисней
Бадди Холли
Стэнли Кубрик
Честер Беннингтон
Ганс Гигер
Дэвид Кэррадайн
Винс Зампелла
Джон Уэйн
Брэндон Ли
Туве Янссон
Антон Ельчин
Стиви Рэй Вон
Митч Лакер
Коко Шанель
 
Answer Stats
Answer % Correct
Диана Уэльская
67%
Лех Качиньский
56%
Сергей Бодров
39%
Пол Уокер
28%
Антон Ельчин
17%
Стив Ирвин
11%
Дэвид Кэррадайн
11%
Райан Данн
6%
Вик Морроу
6%
Бадди Холли
6%
Ганс Гигер
6%
Винс Зампелла
6%
Брэндон Ли
6%
Стиви Рэй Вон
6%
Митч Лакер
6%
No matching quizzes found
Score Distribution
Percent of People with Each Score
Percentile by Number Answered
Your Score History
You have not taken this quiz